01172 a2200193 4500003000500000005001700005010001200022040000900034082001500043100002200058110002200080245006000102250001200162260003500174300000900209505071100218600002200929650002700951Nust20221121113550.0 a6910274 cNust a515.35,REI aEarl D. Rainville aPhillip E.Bedient aElementary Differential Equations / cEarl D. Rainville a4th ed. aNew yorkbMacmillan Compc1969 a466p aDefinitions, Elimination Of Arbitrary Constants (Page-1), Equations Of Order One (Page-16), Elementary Applications (Page-44), Linear Differential Equations (Page-82), Linear Equations With Constant Coefficients (Page-97), Non-Homogenious Equations (Page-110), Variations Of Parameters (Page-126), Inverse Differential Operators (Page-139), The Laplace Transform (Page-148), Applications (Page-201), System Of Equations (Page-222), Electric Circuits And Networks (Page-231), Nonlinear Equations (Page-252), The Power Series Method (Page-275), Numerical Methods (Page-343), Partial Differential Equations (Page-358), Orthogonal Sets (Page-372), Fourier Series (Page-380), Boundary Value Problems (Page-406). aEarl D. Rainville aDifferential Equations